Soros on Soros : staying ahead of the cure

Bibliographic Details
Main Author: Soros, George
Format: Book
Published: New York : John Wiley & Sons , 1995
Subjects:

MARC

LEADER 00000cam a2200000 7i4500
001 0000006924
002 000007456
005 20091008.0
020 |a 0471120146 
090 0 0 |a 332.69092   |b SOR 
100 0 |a Soros, George 
245 1 0 |a Soros on Soros :   |b staying ahead of the cure   |c George Soros 
260 |a New York :   |b John Wiley & Sons ,   |c 1995 
300 |a 326p. ;   |c 25cm. 
600 1 0 |a Soros,George   |x Political and social views 
650 0 0 |a Soros, George   |x Interviews 
999 |a 051984   |b BUKU   |c PINJAMAN   |e PERPUSTAKAAN KOMUNITI PETALING JAYA